000 00811nam a22002177a 4500
005 20100817113147.0
010 _aENG-100628
020 _a9788184840063
_c380.00
035 _aEN-84161
037 _bDBAD/PUB
082 _a331.40954552
100 _aChhina, S. S.
_914262
245 _aWomen labour :
_bproblem and policy implications /
_cby S. S. Chhina
260 _aNew Delhi
_bRegal Publications
_c2009
270 _aF-159, Rajouri Garden
_bNew Delhi
_e110027
300 _ax,89p.
_c22cm (Hb)
500 _aincludes bibliographical references
650 _aWomen in Economic Development
_914263
942 _2ddc
_cEN
_h331.40954552
_mCHH
999 _c42255
_d42255